Zajatec zajímavostí /

Main Author: Baldýnský, Tomáš, 1972-
Language: Czech
Published: Praha : Argo, 2015
Edition: Vydání první
Physical Description: 221 stran, 9 nečíslovaných stran obrazových příloh ; barevné ilustrace ; 19 cm
Book
Saved in:
LEADER 01204nam a2200361 i 4500
001 nkc20152769877
003 CZ PrNK
005 20241127140807.0
007 ta
008 160113s2015 xr af g 000 f cze
015 |a cnb002769877 
020 |a 978-80-257-1650-2  |q (brožováno) 
035 |a (OCoLC)944218725 
040 |a ABA001  |b cze  |e rda 
072 7 |a 821.162.3-3  |x Česká próza  |2 Konspekt  |9 25 
080 |a 821.162.3-3  |2 MRF 
080 |a (0:82-4)  |2 MRF 
100 1 |a Baldýnský, Tomáš,  |d 1972-  |7 jn20000400061  |4 aut 
245 1 0 |a Zajatec zajímavostí /  |c Tomáš Baldýnský 
250 |a Vydání první 
264 1 |a Praha :  |b Argo,  |c 2015 
300 |a 221 stran, 9 nečíslovaných stran obrazových příloh ;  |b barevné ilustrace ;  |c 19 cm 
336 |a text  |b txt  |2 rdacontent 
337 |a bez média  |b n  |2 rdamedia 
338 |a svazek  |b nc  |2 rdacarrier 
655 7 |a české prózy  |7 fd133972  |2 czenas 
655 7 |a fejetony  |7 fd132252  |2 czenas 
655 9 |a Czech prose  |2 eczenas 
655 9 |a feuilletons  |2 eczenas 
910 2 |a BOA001  |b 1-1534.836 
990 |a BK 
995 |a 01 
996 6 |b 2610988349  |c 1-1534.836  |l MZK  |r Sklad / do 1 hodiny  |n 0  |p p.v.  |w 001986756  |u 000010  |a 1  |e BOA001  |j MZK50  |s P